00000000nam 2200000zi 4500
0019.945388
003CaOODSP
00520241120143911
006m     o  d f      
007cr mn|||||||||
008241120e198308  onc     o    f000 0|fre d
020 |z0662922492
040 |aCaOODSP|bfre|erda|cCaOODSP
043 |an-cn---
0861 |aC2-75/1983F-PDF|zC2-75/1983F
24500|aRapport Provisoire du Comité consultatif de l'industries forestière au Ministre de l'Industrie et du Commerce et de l'Expansion économique régionale.
24634|aRapport provisoire du Comité consultatif des industries forestières à Monsieur Edward C. Lumley, Ministre de l'Industrie et du Commerce et de l'Expansion économique régionale
264 1|aOttawa (Ontario) : |b[Ministère de l'industrie et du commerce et de l'Expansion économique régionale], |caoût 1983.
264 4|c©1983
300 |a1 ressource en ligne (1 volume (en pagination multipe))
336 |atexte|btxt|2rdacontent/fre
337 |ainformatique|bc|2rdamedia/fre
338 |aressource en ligne|bcr|2rdacarrier/fre
500 |aÉdition numérisée de l'imprimé [par Innovation, sciences et développement économique Canada].
500 |aPublié aussi en anglais sous le titre : Interim Report of the Forest Industries Advisory Committee to the Honourable Edward C. Lumley, Minister of Industry, Trade and Commerce and Regional Economic Expansion.
650 6|aForêts|xAspect économique|zCanada.
650 6|aProduits forestiers|xIndustrie|zCanada.
7101 |aCanada. |bMinistère de l'industrie et du commerce, |eorganisme de publication.
7101 |aCanada. |bMinistère de l'expansion économique régionale, |eorganisme de publication.
77508|tInterim Report of the Forest Industries Advisory Committee to the Honourable Edward C. Lumley, Minister of Industry, Trade and Commerce and Regional Economic Expansion.|w(CaOODSP)9.945386
85640|qPDF|s1.63 Mo|uhttps://publications.gc.ca/collections/collection_2024/isde-ised/c2/C2-75-1983-fra.pdf